Statystyki dla Stolice państw Azji położone na wybrzeżu

Kliknij tutaj aby rozwiązać quiz!

Ogólne statystyki

  • Ten quiz został rozwiązany 76 razy
  • Średni wynik to 9 z 16

Statystyki odpowiedzi

Odpowiedź% Poprawnych
Tokio
92%
Dżakarta
79%
Abu Zabi
69%
Bangkok
69%
Singapur
69%
Manila
64%
Kuwejt
62%
Doha
54%
Male
54%
Maskat
51%
Tajpej
51%
Bejrut
44%
Sri Dźajawardanapura Kotte
43%
Manama
39%
Dili
38%
Bandar Seri Begawan
34%

Rozkład punktacji

Percentyl według liczby udzielonych odpowiedzi

Procent ludzi z każdym wynikiem

Twoja historia wyników

Nie rozwiązałeś tego quizu